Online
Catalog

Revista de policía : (Record no. 45817)

MARC details
000 -CABECERA
campo de control de longitud fija 01007nas a2200265 a 4500
001 - NÚMERO DE CONTROL
campo de control 000046328
003 - IDENTIFICADOR DEL NÚMERO DE CONTROL
campo de control DLC
005 - FECHA Y HORA DE LA ÚLTIMA TRANSACCIÓN
campo de control 20240902114320.0
008 - DATOS DE LONGITUD FIJA--INFORMACIÓN GENERAL
campo de control de longitud fija 150723c19419999dr ur1pdd f0 z0spa d
040 ## - FUENTE DE LA CATALOGACIÓN
Centro catalogador/agencia de origen DO-SdBNP
Lengua de catalogación spa
Centro/agencia transcriptor BNPHU
Normas de descripción rda
043 ## - CÓDIGO DE ÁREA GEOGRÁFICA
Código de área geográfica nwdr
245 00 - MENCIÓN DE TÍTULO
Título Revista de policía :
Resto del título órgano de la Policía Nacional.
260 ## - PUBLICACIÓN, DISTRIBUCIÓN, ETC.
Lugar de publicación, distribución, etc. Ciudad Trujillo :
Nombre del editor, distribuidor, etc. Policía Nacional,
Fecha de publicación, distribución, etc. 1941.
300 ## - DESCRIPCIÓN FÍSICA
Extensión v. :
Otras características físicas il. ;
Dimensiones 34 cm.
310 ## - PERIODICIDAD ACTUAL
Periodicidad actual Desconocida
362 1# - FECHAS DE PUBLICACIÓN Y/O DESIGNACIÓN SECUENCIAL
Fecha de publicación y/o designación secuencial Inicia con: año.3:no.12(abr./jun., 1941)
500 ## - NOTA GENERAL
Nota general Catalogación basada en: año.3:no.12(abr./jun., 1941)
500 ## - NOTA GENERAL
Nota general Directores: Manuel E. Castillo, Tomás Rodríguez Núñez, Ernesto J. Suncar Méndez
650 #4 - PUNTO DE ACCESO ADICIONAL DE MATERIA--TÉRMINO DE MATERIA
Término de materia o nombre geográfico como elemento de entrada Policía nacional
Subdivisión de forma PUBLICACIONES PERIÓDICAS
Subdivisión geográfica República Dominicana
9 (RLIN) 74350
651 #4 - PUNTO DE ACCESO ADICIONAL DE MATERIA--NOMBRE GEOGRÁFICO
Nombre geográfico República Dominicana
Subdivisión general Publicaciones Periódicas
9 (RLIN) 33494
700 1# - PUNTO DE ACCESO ADICIONAL--NOMBRE DE PERSONA
Nombre de persona Castillo, Manuel E.
Término indicativo de función/relación ed.
9 (RLIN) 74351
700 1# - PUNTO DE ACCESO ADICIONAL--NOMBRE DE PERSONA
Nombre de persona Rodríguez Núñez, Tomás,
Término indicativo de función/relación ed.
9 (RLIN) 74352
700 1# - PUNTO DE ACCESO ADICIONAL--NOMBRE DE PERSONA
Nombre de persona Suncar, Ernesto J.,
Término indicativo de función/relación ed.
9 (RLIN) 74353
942 ## - ELEMENTOS DE PUNTO DE ACCESO ADICIONAL (KOHA)
Fuente del sistema de clasificación o colocación Dewey Decimal Classification
Tipo de ítem Koha Publicación periódica

No items available.

Powered by Koha